000 00448nam a2200169Ia 4500
008 151213s9999 xx 000 0 und d
020 _a007-123946-4
100 _aHeins Weihrich, Harold Koontz
245 _aManagement
_cHeins Weihrich, Harold Koontz
250 _a11th
260 _aBoston
_bMc Graw Hill
_c2005
300 _a5652 p.
650 _aManagement
650 _aManagement
700 _aHeins Weihrich, Harold Koontz
999 _c3375
_d3375